000 00958nam a2200229Ii 4500
003 JO-AjNU
008 230605s9999||||xx |||||||||||||| ||und||
017 _a2007/12/3813
020 _a978-9957-454-47-0
040 _aJO-AjNU
_bara
_erda
_cJO-AjNU
041 _aara
050 1 4 _aBF39.A286.2014
100 3 _aأبو أسعد، أحمد ,
_eauthor
_946002
245 0 0 _aدليل المقاييس والاختبارات النفسية والتربوية :مقاييس المهارات،المقاييس المهنية،المقاييس الشخصية،المقاييس الاجتماعية، ج2
250 _aط3
264 3 1 _aعمان:مركز ديبونو لتعليم التفكير ، 2014
300 _aج2، 257ص
336 _atext
_btxt
_2rdacontent
337 _aunmediated
_bn
_2rdamedia
338 _avolume
_bnc
_2rdacarrier
650 4 _aالارشاد التربوي-علم النفس التربوي-القياس والتقويم
_946003
999 _aA19982
_c23550
_d23550